One Piece - Nombres - Statistiques

Statistiques générales
  • Ce quiz a été pris 231 fois
    230 depuis la dernière actualisation
  • Le résultat moyen est 14 sur 20
Statistiques - réponses
Questions Réponses % Correct
Combien faut-il rassembler de Road ponéglyphes pour connaître l'emplacement de Laugh Tale ? 4
96%
Quel était le montant de la première prime de Luffy ? 30.000.000
91%
Combien y-a-t'il de niveaux dans la prison sous-marine d'Impel Down ? 6
90%
Combien y avait-il de grands corsaires comme présenté au début du manga ? 7
86%
Combien de jours l'équipage de Roger et Barbe blanche se sont battus ? 3 jours
85%
Combien y-a t'il d'unités de Cipher Pol (CP) connues à ce jour ? 10 (0 à 9)
84%
Combien de fois Rayleigh était plus fort que les chapeaux de paille, sur Sabaody, selon Shakuyaku ? 100
83%
Combien y-a t'il d'armes antiques ? 3
83%
Combien de familles ont formé le gouvernement mondial ? 20
82%
En quelle année a débuté la parution de One Piece ? En 1997
80%
En combien de parties Vegapunk s'est-il divisé ? (sans compter le corps principal) 6
75%
Combien de capitaines pirates ont juré allégeance à Luffy et son équipage ? 7
73%
Combien de soldats Luffy a mis K.O. sur l'île des hommes poissons grâce à son haki des rois ? 50.000
65%
Quel montant Nami devait récolter pour racheter son village à Arlong ? 100.000.000
63%
Combien y-a t'il de lames de premier rang, aussi appelée "Saiji ô wazamono" ? 12
59%
Combien d'enfants Big mom a-t-elle ? 85
53%
Quelle différence d'âge sépare Luffy de ses frères aînés ? 3 ans
48%
Quel âge avait Momonosuké lors de sa première rencontre avec Luffy ? 8 ans
41%
Combien de temps Portgas D. Rouge a porté Ace avant d'accoucher ? 20 mois
39%
À quelle altitude sont les îles célestes ? 10.000 mètres
26%
Aucun quiz correspondant
Distribution des résultats
% des personnes avec chaque résultat
Percentile par nombre de réponses
Votre historique - résultats
Vous n’avez pas pris ce quiz depuis la dernière actualisation